Catálogo
 En Linea

Santiago a principios de siglo / (Registro nro. 32922)

Detalles MARC
000 -CABECERA
campo de control de longitud fija 00705nam a2200205 a 4500
003 - IDENTIFICADOR DEL NÚMERO DE CONTROL
campo de control DO-SdBNP
005 - FECHA Y HORA DE LA ÚLTIMA TRANSACCIÓN
campo de control 20230222142205.0
007 - CAMPO FIJO DE DESCRIPCIÓN FÍSICA--INFORMACIÓN GENERAL
campo de control de longitud fija ta
008 - DATOS DE LONGITUD FIJA--INFORMACIÓN GENERAL
campo de control de longitud fija 110829s1976 dr ac 000 0 spa d
040 ## - FUENTE DE LA CATALOGACIÓN
Centro catalogador/agencia de origen DO-SdBNP
Lengua de catalogación spa
Centro/agencia transcriptor BNPHU
082 #4 - NÚMERO DE LA CLASIFICACIÓN DECIMAL DEWEY
Número de documento/Ítem B333s
Número de edición 22
100 1# - ENTRADA PRINCIPAL--NOMBRE DE PERSONA
Nombre de persona Batista C., Pedro R
9 (RLIN) 58987
245 10 - MENCIÓN DE TÍTULO
Título Santiago a principios de siglo /
Mención de responsabilidad, etc. Pedro R. Batista C.
260 ## - PUBLICACIÓN, DISTRIBUCIÓN, ETC.
Lugar de publicación, distribución, etc. Santo Domingo :
Nombre del editor, distribuidor, etc. De la Salle,
-- Editora Panamerica,
Fecha de publicación, distribución, etc. 1976.
300 ## - DESCRIPCIÓN FÍSICA
Extensión 289 p. ;
Otras características físicas ilustraciones,
Dimensiones 22 cm.
500 ## - NOTA GENERAL
Nota general Pedro R. Batista C. es graduado de licenciado en derecho en la universidad de Santo Domingo. Profesor, abogado y periodista.
590 ## - NOTA LOCAL (RLIN)
Nota local Inventariado, 2022/ YL
910 ## - DATOS DE OPCIÓN DEL USUARIO (OCLC)
Datos de opción del usuario YLockward
942 ## - ELEMENTOS DE PUNTO DE ACCESO ADICIONAL (KOHA)
Fuente del sistema de clasificación o colocación Dewey Decimal Classification
Tipo de ítem Koha Libro
Existencias
Estado de retiro Estado de pérdida Fuente del sistema de clasificación o colocación Restricciones de uso No para préstamo Código de colección Localización permanente Ubicación/localización actual Ubicación en estantería Fecha de adquisición Fuente de adquisición Signatura topográfica completa Código de barras Fecha visto por última vez Precio válido a partir de Tipo de ítem Koha Nota pública Total de préstamos Número de copia
    Dewey Decimal Classification Excluido de préstamo   Patrimonio Dominicano Biblioteca Nacional Pedro Henríquez Ureña Biblioteca Nacional Pedro Henríquez Ureña En catalogación 05.03.2020 Donación 33431-10 25.06.2020 25.06.2020 Libro Perteneció a la biblioteca personal de Lourdes Delgado.    
    Dewey Decimal Classification Excluido de préstamo   Patrimonio Dominicano Biblioteca Nacional Pedro Henríquez Ureña Biblioteca Nacional Pedro Henríquez Ureña En catalogación 22.02.2023 Donación BNPHU PD B333s 2023-1073 22.02.2023 22.02.2023 Libro     e.2

Con tecnología Koha